| 000 | 00422nam a22001217a 4500 | ||
|---|---|---|---|
| 008 | 230516b xxu||||| |||| 00| 0 eng d | ||
| 020 | _a9781776364060 | ||
| 082 |
_a012 _bKAN |
||
| 245 |
_aWhy Baba is not the 5th _bThe intriguing tragicomedy of how Raila Odinga lost to William Ruto in the 2022 presidential race _cSaitabao Ole Kanchory |
||
| 260 |
_aSouth Africa _bReach Publishers _c2023 |
||
| 300 | _a138 pages | ||
| 942 |
_2ddc _cBK |
||
| 999 |
_c12 _d12 |
||